|
|
|
|
| LEADER |
01284nam a2200337Ia 4500 |
| 001 |
EBC3117704 |
| 003 |
MiAaPQ |
| 005 |
20200520144314.0 |
| 006 |
m o d | |
| 007 |
cr cn||||||||| |
| 008 |
841215r20001891onc s 000 0 eng d |
| 020 |
|
|
|z 1552730514
|
| 035 |
|
|
|a (MiAaPQ)EBC3117704
|
| 035 |
|
|
|a (Au-PeEL)EBL3117704
|
| 035 |
|
|
|a (CaPaEBR)ebr2001949
|
| 035 |
|
|
|a (OCoLC)927515701
|
| 040 |
|
|
|a MiAaPQ
|c MiAaPQ
|d MiAaPQ
|
| 050 |
|
4 |
|a HD6460
|b .H5 2000
|
| 082 |
0 |
4 |
|a 338.6/32/0942
|2 20
|
| 100 |
1 |
|
|a Hibbert, Francis Aidan,
|d 1866-1933.
|
| 245 |
1 |
4 |
|a The Influence and development of English gilds
|h [electronic resource] :
|b as illustrated by the history of the craft gilds of Shrewsbury /
|c Francis Aidan Hibbert.
|
| 260 |
|
|
|a Kitchener, Ont. :
|b Batoche,
|c 2000.
|
| 300 |
|
|
|a 111 p.
|
| 500 |
|
|
|a Reprint. Originally published : Cambridge: University press, 1891.
|
| 533 |
|
|
|a Electronic reproduction. Ann Arbor, MI : ProQuest, 2015. Available via World Wide Web. Access may be limited to ProQuest affiliated libraries.
|
| 546 |
|
|
|a English.
|
| 650 |
|
0 |
|a Guilds
|z England.
|
| 650 |
|
0 |
|a Land use.
|
| 655 |
|
4 |
|a Electronic books.
|
| 710 |
2 |
|
|a ProQuest (Firm)
|
| 856 |
4 |
0 |
|u https://ebookcentral.proquest.com/lib/matrademy/detail.action?docID=3117704
|z Click to View
|